Y-Ending Boy Names Quiz Stats

 Plays Quiz Updated Feb 1, 2021

Support Sporcle.
Go Orange.
Score 0/70 Timer 10:00
1 Play Today
Decade Name % Correct
1880sHarry
77.3%
1890sHarry
77.3%
1900sHarry
77.3%
1910sHarry
77.3%
1920sHarry
77.3%
2010sHenry
75.5%
1930sLarry
72.3%
1940sLarry
72.3%
1950sLarry
72.3%
1940sGary
66.7%
1950sGary
66.7%
1960sGary
66.7%
1880sHenry
65.1%
1890sHenry
65.1%
1900sHenry
65.1%
1910sHenry
65.1%
1920sHenry
65.1%
1930sHenry
65.1%
1940sHenry
65.1%
2000sHenry
65.1%
1930sBilly
64.5%
1930sJerry
62.9%
1940sJerry
62.9%
2010sAnthony
61.3%
1930sBobby
57.5%
2010sZachary
56.2%
1940sTerry
54.5%
1900sAnthony
51.6%
1910sAnthony
51.6%
1920sAnthony
51.6%
1960sAnthony
51.6%
1970sAnthony
51.6%
1980sAnthony
51.6%
1990sAnthony
51.6%
2000sAnthony
51.6%
Decade Name % Correct
1890sRay
45.2%
1980sZachary
43.5%
1990sZachary
43.5%
2000sZachary
43.5%
1880sRoy
42.5%
1890sRoy
42.5%
1900sRoy
42.5%
1910sRoy
42.5%
1920sRoy
42.5%
1950sGregory
39.6%
1960sGregory
39.6%
1970sGregory
39.6%
1950sJeffrey
39%
1960sJeffrey
39%
1970sJeffrey
39%
1980sJeffrey
39%
1950sTimothy
38.5%
1960sTimothy
38.5%
1970sTimothy
38.5%
1980sTimothy
38.5%
1990sTimothy
38.5%
2000sTimothy
38.5%
1970sJeremy
37.9%
1980sJeremy
37.9%
1990sJeremy
37.9%
1880sCharley
37.8%
1990sCody
34.6%
2000sCody
34.6%
1910sStanley
30.6%
1920sStanley
30.6%
2010sBrody
29.4%
1880sHarvey
25.6%
1890sHarvey
25.6%
1900sLeroy
22.4%
2010sBentley
16.2%

From the Vault

Official National Languages of the World

by sourpickle

Apparently, Pig Latin isn't official anywhere.
Remove Ads.
Support Sporcle.
Get the best of Sporcle when you Go Orange. This ad-free experience offers more features, more stats, and more fun while also helping to support Sporcle. Thank you for becoming a member.

Show Comments

Extras

Top Quizzes Today


Score Distribution

Your Account Isn't Verified!

In order to create a playlist on Sporcle, you need to verify the email address you used during registration. Go to your Sporcle Settings to finish the process.

Report this User

Report this user for behavior that violates our Community Guidelines.

Details: